La alternativa socialista : el verdadero desarrollo humano /
Uloženo v:
| Hlavní autor: | |
|---|---|
| Další autoři: | , |
| Médium: | Kniha |
| Jazyk: | španělština |
| Vydáno: |
Barcelona, España :
Verso,
2023, c2023
|
| Témata: | |
| Tagy: |
Žádné tagy, Buďte první, kdo vytvoří štítek k tomuto záznamu!
|
MARC
| LEADER | 00000nam^a2200000^a^4500 | ||
|---|---|---|---|
| 001 | 000592758 | ||
| 005 | 20250521000000.0 | ||
| 009 | 20260310132954.568 | ||
| 020 | |a 978-84-19719-34-8 | ||
| 037 | |a Acervo ITESO - Biblioteca | ||
| 041 | |a ESP | ||
| 082 | |a 146. 323 |b LEB | ||
| 100 | |a Lebowitz, Michael A. |e (autor) | ||
| 245 | 1 | 3 | |a La alternativa socialista : |b el verdadero desarrollo humano / |c M.A. Lebowitz ; pról. de J.M. Busqueta Franco ; tr. por Francisco Sobrino. |
| 264 | 4 | |a Barcelona, España : |b Verso, |c 2023, c2023 | |
| 300 | |a 168 p. | ||
| 336 | |a texto |b txt |2 rdacontenido | ||
| 337 | |a sin mediación |b n |2 rdamedio | ||
| 338 | |a volumen |b nc |2 rdasoporte | ||
| 521 | |a FIL 2024 DIA | ||
| 649 | |a XX | ||
| 650 | |a Socialismo - |x Tema Principal | ||
| 650 | |a Marxismo | ||
| 650 | |a Economía Política | ||
| 650 | |a Filosofía Política | ||
| 650 | |a Filosofía del Siglo XXI | ||
| 700 | |a Busqueta Franco, Josep Manel |e (prólogo) | ||
| 700 | |a Sobrino, Francisco |e (traducción) | ||
| 910 | |a Fondo General | ||
| 920 | |a Impresos - Libros | ||
| 930 | |a Colección General | ||
| 905 | |a 101 | ||
| 901 | |a 592758-10 |b IT1 |c ACC |i C188404 |u 20250521 | ||
| 902 | |a https://opac.biblio.iteso.mx/vufind/Record/000592758 | ||